Globalization / Anti-Globalization /

Con la presente obra, los autores buscan hacer más inteligible los aspectos importantes del debate acerca de la globalización. Abordan aspectos como la gobernabilidad, la cultura, economía, los patrones de inequidad, la ética global y ponen en el escenario las posturas de los globalifóbicos y de los...

Full beskrivning

Sparad:
Bibliografiska uppgifter
Huvudupphov: Held, David (autor)
Övriga upphov: McGrew, Anthony (autor) (autor)
Materialtyp: Bok
Språk:engelska
Utgiven: Cambridge, Inglaterra : Polity, 2002, c2002
Ämnen:
Taggar: Lägg till en tagg
Inga taggar, Lägg till första taggen!

MARC

LEADER 00000nam^a2200000^a^4500
001 000147985
005 20250521000000.0
009 20260310100005.825
020 |a 0-7456-2989-X 
037 |a Acervo ITESO - Biblioteca 
041 |a ING 
082 |a 320. 9  |b HEL 
100 |a Held, David  |e (autor) 
245 1 0 |a Globalization / Anti-Globalization /  |c D. Held, A. McGrew. 
264 4 |a Cambridge, Inglaterra :  |b Polity,  |c 2002, c2002 
300 |a 153 p. 
336 |a texto  |b txt  |2 rdacontenido 
337 |a sin mediación  |b n  |2 rdamedio 
338 |a volumen  |b nc  |2 rdasoporte 
520 |a Con la presente obra, los autores buscan hacer más inteligible los aspectos importantes del debate acerca de la globalización. Abordan aspectos como la gobernabilidad, la cultura, economía, los patrones de inequidad, la ética global y ponen en el escenario las posturas de los globalifóbicos y de los que apoyan el fenómeno. Finalizan el texto con una propuesta de agenda política para el siglo 21 en donde la democracia social cosmopolita es el centro de atención. 
649 |a XX 
650 |a Globalización 
650 |a Poder (Ciencias Sociales) 
650 |a Hegemonía 
650 |a Igualdad y Desigualdad 
650 |a Diversidad Cultural 
650 |a Resistencia Civil 
650 |a Acción Social 
650 |a Geopolítica 
650 |a Gobernabilidad 
650 |a Política Internacional 
650 |a Economía Política 
650 |a Filosofía Política 
650 |a Política 
700 |a McGrew, Anthony  |e (autor) 
910 |a Fondo General 
920 |a Impresos - Libros 
930 |a Colección General 
905 |a 101 
901 |a 0500077354  |b IT1  |c ACC  |u 20250521 
902 |a https://opac.biblio.iteso.mx/vufind/Record/000147985